000 00566nam a2200193Ia 4500
005 20250508151509.0
008 008 250505s9999 xx 000 0 eng d
037 _aBooks to be hide in OPAC
040 _aFEDL
_beng
_cFEDL
041 _aeng
_2eng
084 _a370.954, IND/O
_qFEDL
100 _aSargent John
245 0 _a11th quinquennial review. 1932-1937. Vol.2
260 _aDelhi, India
_bManager of Publications
_c1940
300 _avii,269p.
546 _aVol 2 1932-1937
942 _cHB
_h370.954, IND/O
999 _c1330186
_d1330186